000 00840nam a2200241Ia 4500
003 OSt
005 20221005113449.0
006 a|||||r|||| 00| 0
007 ta
008 221004b |||||||| |||| 00| 0 pan d
020 _a9788178836690 (hbk)
_c180
024 _a104478
037 _b7830/I, 31/01/2011, Arsee Publishers
_cTextual
040 _aCRL
_cCRL
_bpan
041 _2pan
_apan
082 _aO153,3:g, Q0
100 _aਗੁਰਇਕਬਾਲ ਸਿੰਘ
245 0 _aਪੰਜਾਬੀ ਕਹਾਣੀ
_b ਸਰੋਕਾਰ ਤੇ ਸੰਰਚਨਾ
260 _aਲੁਧਿਆਣਾ
_bਚੇਤਨਾ ਭਾਰਤ
_c2010
300 _a143ਪੰ
_ccm.
942 _hO153,3:g, Q0
_cTEXL
_2cc
999 _c1028276
_d1028276